000 00315nam a22001457a 4500
008 221205b ||||| |||| 00| 0 eng d
020 _a1930416482
041 _aeng
080 _a72
082 _a72ROSE
100 _a19.1
101 _aARKI
245 _aABSTRACT EXPRESSIONISM
_cROSENFELD M
942 _2udc
_cBK
999 _c59089
_d59089